000 00245nam a2200097Ia 4500
001 699455
005 20250826162111.0
008 250824s9999 xx 000 0 und d
245 0 _aAFRİKA RÜYASI/C.GUEVARA/EVEREST
_cCHE GUEVARA
260 _bEVEREST
999 _c699455
_d699455